| 000 | 00873nam a2200265 i 4500 | ||
|---|---|---|---|
| 001 | 110666 | ||
| 003 | ES-MaACL | ||
| 005 | 20250914102201.0 | ||
| 007 | t| | ||
| 008 | 070117s1959 sp ab |||| | spa d | ||
| 080 | _a915.2 | ||
| 245 | 0 | 0 |
_aJapón / _cDoré Ogrizek ; prólogo de Georges Duhamel ; textos de Madelein Paul-David ... [et al.] ; ilustraciones de A. Brenet ... [et. al.]. |
| 250 | _a1ª ed. | ||
| 260 |
_aMadrid : _bCastilla, _c1959. |
||
| 300 |
_a412 p. : _bil. col. y n., map. ; _c18 cm. |
||
| 490 | 1 |
_aEl mundo en color ; _v17 |
|
| 651 | 4 |
_aJapón- _xDescripción. _98884 |
|
| 700 | 1 |
_aOgrizek, Doré. _986581 |
|
| 700 | 1 |
_aDuhamel, Georges, _d1884-1966 _945938 |
|
| 700 | 1 |
_aPaul-David, Madelein. _989636 |
|
| 700 | 1 |
_aBrenet, A. _931582 |
|
| 830 | 0 |
_aEl mundo en color ; _v17 _9185631 |
|
| 852 |
_aES-MaACL _jE-3768 |
||
| 999 |
_c110666 _d110666 |
||